| 000 | 00793cam a2200265 a 4500 | ||
|---|---|---|---|
| 001 | 16528766 | ||
| 003 | OSt | ||
| 005 | 20150731113145.0 | ||
| 008 | 101102s2012 nyuab 001 0 eng | ||
| 010 | _a 2010044757 | ||
| 020 | _a9780073512136 (pbk. copy : acidfree paper) | ||
| 020 | _a0073512133 (pbk. copy : acidfree paper) | ||
| 040 | _aSEKU | ||
| 042 | _apcc | ||
| 050 | 0 | 0 |
_aQB 43.3 _b.S3 2012 |
| 100 | 1 |
_aSchneider, Stephen E. _q(Stephen Ewing), _d1957- |
|
| 245 | 1 | 0 |
_aPathways to astronomy _cStephan E. Schneider, Thomas T. Arny. |
| 250 | _a3rd ed. | ||
| 260 |
_aNew York : _bMcGraw-Hill, _cc2012. |
||
| 300 |
_axxxiv, 699 p. : _bcol. ill., col. maps ; _c28 cm. |
||
| 500 | _aIncludes index. | ||
| 650 | 0 |
_aAstronomy _vTextbooks. |
|
| 700 | 1 | _aArny, Thomas. | |
| 942 |
_2lcc _cGEN |
||
| 999 |
_c7905 _d7905 |
||